| 000 | 01242nam0a2200349 4500 | ||
|---|---|---|---|
| 001 | RU\NLR\BIBL_A\016335638 | ||
| 005 | 20230504122158.0 | ||
| 010 |
_a978-5-389-22277-9 _93000 |
||
| 021 |
_aRU _bКН-П-23-013410 _9КН-П-23-1324 |
||
| 035 | _a(NLR Aleph) 016335638 | ||
| 035 | _a(RuMoRGB)011626023 | ||
| 090 |
_a13074951 _c13074951 |
||
| 100 | _a20230406d2023 u y0rusy50 ca | ||
| 101 | 0 | _arus | |
| 102 | _aRU | ||
| 105 | _ab|||w||||||z| | ||
| 181 | 1 |
_ai3 _baxxe |
|
| 182 | 1 | _an | |
| 200 | 1 |
_aСын Человеческий _fпротоиерей Александр Мень |
|
| 203 |
_aТекст _bвизуальный _cнепосредственный |
||
| 210 |
_aМосква _cКоЛибри _cАзбука-Аттикус _d2023 |
||
| 215 |
_a508, [1] с. _cкарт. _d21 |
||
| 320 | _aБиблиогр.: с. 457-495 и в тексте примеч | ||
| 333 | _a16+ | ||
| 600 | 0 |
_aИисус Христос _2nlr_sh1 _2nlr_sh2 _3RU\NLR\AUTH\66459662 |
|
| 675 | _a271.22-46 | ||
| 686 | 1 | _aЭ37-228.1 | |
| 700 | 1 |
_aМень _bА. В. _f1935-1990 _gАлександр Владимирович _3RU\NLR\AUTH\777766 |
|
| 942 | _cBOOK | ||
| 980 | _aNB | ||